000 00653nam a2200193 i 4500
001 24154
003 ES-MaACL
005 20250725232350.0
007 t|
008 021216s1920 xxu ||||1| eng d
245 0 0 _aHispanic anthology
_b: poems translated from the spanish by english and north america poets /
_ccollected and arranged by Thomas Walsh.
260 _aNew York :
_bG.P. Putnam's Sons,
_c1920.
300 _aXII, 279 p. ;
_c17 cm.
650 7 _aPoesías españolas
_2embne
_916214
650 4 _aPoesías hispanoamericanas.
_9148477
700 1 _aWalsh, Thomas.
_9115993
852 _aES-MaACL
_jF-2169
_bR.1920
999 _c24154
_d24154